Kaz Bałagane - Wszystkie albumy - Statystyki

Ogólne statystyki
  • Ten quiz został rozwiązany 125 razy
  • Średni wynik to 9 z 11
Statystyki odpowiedzi
Hint Odpowiedź % Poprawnych
2024 A nie mówiłem?
96%
2017 Narkopop
90%
2016 Radio Gruz
90%
2015 Lot022
79%
2018 Chleb i miód
76%
2016 Źródło
76%
2023 B&B Warsaw
73%
2019 Polska Gotówkowa
73%
2018 Książę Nieporządek
71%
2020 Digital Scale Music
70%
2021 Cock.0z Mixtape
62%
Nie znaleziono quizów pasujących do podanych kryteriów
Rozkład punktacji
Procent ludzi z każdym wynikiem
Percentyl według liczby udzielonych odpowiedzi
Twoja historia wyników
Nie rozwiązałeś tego quizu